000 00256 a2200109 4500
020 _a9780425238127
020 _a0753453878
100 1 _aKing, Daniel.
245 1 0 _aChess :
_bfrom first moves to checkmate /
_cDaniel King.
500 _aIncludes index.
942 _cBK
999 _c5
_d5